| 000 | 00398nam a2200133Ia 4500 | ||
|---|---|---|---|
| 005 | 20260326235445.0 | ||
| 008 | 260326s9999||||xx |||||||||||||| ||und|| | ||
| 100 | _aMendoza Hoyos, Hernán | ||
| 245 | 0 |
_aSeminario Nacional sobre Urbanización y marginalidad / _cHernán Mendoza Hoyos |
|
| 260 | _bAsosiación Colombiana de Medicina | ||
| 300 | _a154 p. | ||
| 650 | _aVIVIENDA ECONÓMICA | ||
| 942 | _cBK | ||
| 999 |
_c7554 _d7554 |
||